000 00325pab a2200145 454500
008 180718b2005 xxu||||| |||| 00| 0 eng d
100 _aGupta, Nikhil Jaiprakash
245 _aWhere is the fear?
260 _c2005
300 _ap.8-11.
362 _aFebMar
650 _aPolice
773 _aCBI Bulletin
909 _a65602
999 _c65602
_d65602